Biología #2 - Estadísticas

Estadísticas generales
  • Esta prueba ha sido intentada 273 veces
  • La puntuación promedio es 6 de 20
Estadísticas de respuestas
Pista Respuesta % Correcto
¿Cuál es el tipo de metabolismo por el que las células degradan compuestos complejos para conseguir energía? Catabolismo
62%
Movimiento de contracción en el corazón Sístole
57%
Tipo de alimentación por la que el individuo consigue su alimento del medio Heterótrofo
50%
Células características del tejido óseo Osteocitos
48%
Proceso que permite los impulsos nerviosos Sinapsis
48%
¿Cómo se llama el mecanismo evolutivo propuesto por Darwin? Selección natural
47%
Las membranas que protegen el cráneo Meninges
44%
Orificios situados en la superficie de las hojas que se encargan del intercambio de gases en plantas Estomas
38%
Última fase de la meiosis Citocinesis
34%
Unión simbiótica entre un hongo y un alga Líquen
34%
¿Qué bióloga "demostró" con sus experimentos la teoría de la endosimbiosis? Lynn Margulis
30%
Células que rodean los axones de las neuronas en el sistema nervioso periférico Células de Schwann
20%
¿Cuál es el primer proceso de la respiración aerobia de una célula? Ciclo de Krebs
18%
¿Qué contiene el centro de la médula espinal? Sustancia gris
16%
Órgano que controla las funciones involuntarias del cuerpo humano Bulbo raquídeo
14%
¿Cómo se llamaba el biólogo que propuso las primeras teorías catastrofistas? Georges Cuvier
8%
Nombre real del cerebro Telencéfalo
6%
Tipo de organización que tienen las plantas que no llegan a formar sistemas ni aparatos relaes Cormo
3%
Tejido que separa la corteza de los vasos conductores en plantas Banda de Caspary
1%
¿Cómo se llaman las replegaciones que cubren las paredes del intestino delgado? Criptas de Lieberkühn
1%
No se encontraron pruebas coincidentes
Distribución de puntuación
Porcentaje de gente con cada puntuación
Porcentaje por número respondido
Historial de tus puntuaciones
No has intentado esta prueba.